000 00433nam a2200181Ia 4500
001 16500
005 20260306170314.0
008 260306t2006||||xx |||||||||||||| ||und||
041 _aESP
082 _a348.6
_bO26M
100 _aObregón Sevillano, Tulio M., [1962-...]
_eAUT
245 0 _aManual laboral
260 _c2006
300 _a398 páginas :
_c24 cm.
650 _aGEN
654 _aCDE
942 _cLIB
_dJUS
_fJUS
_2ddc
_n
999 _c16500
_d16500